| 000 | 00442nam a2200181Ia 4500 | ||
|---|---|---|---|
| 001 | 11419 | ||
| 005 | 20260306162826.0 | ||
| 008 | 260306t2021||||xx |||||||||||||| ||spa|| | ||
| 041 | _aESP | ||
| 082 |
_a985.04 _bZ92 |
||
| 100 |
_aZuloaga Rada, Marina _eAUT |
||
| 245 | 0 | _aLas luchas por la independencia (1780-1830) | |
| 260 | _c2021 | ||
| 300 |
_a362 páginas : _c19 cm. |
||
| 650 | _aGEN | ||
| 654 | _aCHU | ||
| 942 |
_cLIB _dJUS _fJUS _2ddc _n |
||
| 999 |
_c11419 _d11419 |
||